| 000 | 00873nam a2200253Ia 4500 | ||
|---|---|---|---|
| 003 | IN-BaIIA | ||
| 008 | 211028s9999 xx 000 0 eng d | ||
| 020 | _a0379-6566 | ||
| 040 | _cIIA Library | ||
| 080 |
_a084.4:524.3-355 _bESA |
||
| 100 |
_aLamers, H. J. G. L. M _914527 |
||
| 245 | 4 |
_aThe S 59 spectrophotometric atlas of the mid-ultraviolet spectra of 220 early-type stars with a resolution of 1.8 A _cH. J. G. L. M. LameRs...[et.al] |
|
| 260 |
_aFrance _bEuropean Space Agency _c1981 |
||
| 300 | _a210p. | ||
| 650 | _aAstronomy and astrophysics thesaurus | ||
| 650 | _aAtlas | ||
| 650 |
_aAtlas - spectra _91831 |
||
| 650 |
_aEarly type stars Atlas _914528 |
||
| 650 | _aSpectrophotometry | ||
| 700 |
_aHoekstra, R. _914529 |
||
| 700 |
_aKamperman, T. M. _914530 |
||
| 700 |
_avan der Hucht, K. A. _914531 |
||
| 942 | _cBK | ||
| 999 |
_c8655 _d8655 |
||